Normal view
MARC view
- Modern Literature
Entry Topical Term
001 - CONTROL NUMBER
- control field: 111584
003 - CONTROL NUMBER IDENTIFIER
- control field: NUST
005 - DATE AND TIME OF LATEST TRANSACTION
- control field: 20230330113332.0
008 - FIXED-LENGTH DATA ELEMENTS
- fixed length control field: 230330|| aca||aabn | a|a d
040 ## - CATALOGING SOURCE
- Original cataloging agency: NUST
- Transcribing agency: NUST
150 ## - HEADING--TOPICAL TERM
- Topical term or geographic name entry element: Modern Literature
670 ## - SOURCE DATA FOUND
- Source citation: Work cat.: (NUST)186085: Higghlights of Modern Literature /, 1954
